[Event "Chigorin Memorial 2018"]
[Site "St. Petersburg"]
[Date "2018.11.02"]
[Round "7.56"]
[White "Oglaza, Oskar"]
[Black "Petrochenko, Maria"]
[Result "1-0"]
[WhiteElo "2310"]
[BlackElo "2054"]
[PlyCount "137"]
[EventDate "2018.10.27"]
[EventType "swiss"]
[EventCountry "RUS"]
[WhiteTeam "Polen"]
[BlackTeam "Russland"]
[WhiteTeamCountry "POL"]
[BlackTeamCountry "RUS"]

1. e4 d5 2. exd5 Qxd5 3. Nc3 Qa5 4. Bc4 Nf6 5. d3 Nc6 6. Bd2 Qe5+ 7. Nge2 Qd6 8. Ng3 e6 9. O-O a6 10. a4 Be7 11. Kh1 b6 12. f4 g6 13. Qe1 Bb7 14. Nce4 Nxe4 15. Nxe4 Qd7 16. Qf2 O-O-O 17. Bc3 Nd4 18. Rae1 h6 19. b4 Rhe8 20. Rb1 Kb8 21. Rfe1 f5 22. Ng3 Bf6 23. Ne2 e5 24. fxe5 Bxe5 25. Nxd4 Bxd4 26. Bxd4 Rxe1+ 27. Rxe1 Qxd4 28. Qxd4 Rxd4 29. Kg1 Rg4 30. g3 f4 31. Kf2 fxg3+ 32. hxg3 b5 33. axb5 axb5 34. Re8+ Ka7 35. Bxb5 Rxb4 36. Bc4 Rb6 37. Re7 Rf6+ 38. Ke2 Kb6 39. d4 Bf3+ 40. Ke3 Bg4 41. Bd5 Rf1 42. Rg7 Rf6 43. c4 c6 44. c5+ Ka6 45. Be4 g5 46. Kd2 Bf5 47. Bf3 Re6 48. Be2+ Ka5 49. Ra7+ Kb4 50. Rb7+ Ka3 51. Bd3 Bxd3 52. Kxd3 g4 53. Rd7 Rf6 54. Rd6 Rf3+ 55. Ke4 h5 56. Rxc6 Rxg3 57. Rh6 Rh3 58. c6 Rc3 59. d5 g3 60. Rxh5 Kb4 61. Rh8 g2 62. Rg8 Kc5 63. Rxg2 Kd6 64. Rg6+ Kc7 65. Rg7+ Kc8 66. Ke5 Re3+ 67. Kd6 Re8 68. Kc5 Re5 69. Kb6 1-0

[Event "Chigorin Memorial 2018"]
[Site "St. Petersburg"]
[Date "2018.11.02"]
[Round "7.57"]
[White "Korennoi, Viktor"]
[Black "Babanin, Gleb"]
[Result "1/2-1/2"]
[WhiteElo "2306"]
[BlackElo "2037"]
[PlyCount "146"]
[EventDate "2018.10.27"]
[EventType "swiss"]
[EventCountry "RUS"]
[WhiteTeam "Russland"]
[BlackTeam "Russland"]
[WhiteTeamCountry "RUS"]
[BlackTeamCountry "RUS"]

1. d4 Nf6 2. c4 e6 3. Nc3 Bb4 4. Qc2 d5 5. cxd5 Qxd5 6. Nf3 Qf5 7. Qb3 Nc6 8. Bd2 O-O 9. a3 Bd6 10. h3 e5 11. g4 Qd7 12. dxe5 Nxe5 13. Nxe5 Bxe5 14. Bg2 Qe6 15. Qxe6 Bxe6 16. f4 Bxc3 17. Bxc3 Bd5 18. Bxd5 Nxd5 19. Bd2 Rfe8 20. Kf2 Re4 21. e3 Rae8 22. Rhe1 f6 23. Rac1 Kf7 24. Kf3 c6 25. b3 g6 26. a4 f5 27. a5 a6 28. g5 Rd8 29. Red1 Re6 30. h4 Ke8 31. Ra1 Rd7 32. Bc1 Rde7 33. Re1 Kd8 34. Ra4 Kc8 35. Rc4 Re4 36. Rd1 Kb8 37. Rd3 R7e6 38. Kf2 b6 39. axb6 Kb7 40. Rdd4 Rxd4 41. Rxd4 Kxb6 42. Kf3 Kc7 43. e4 fxe4+ 44. Rxe4 Kd7 45. Ra4 Re1 46. Bd2 Rh1 47. Rxa6 Rxh4 48. Bc1 Rh3+ 49. Ke4 Rxb3 50. Ke5 Rb7 51. Ra8 Rb1 52. Ra7+ Kc8 53. Ba3 Nc7 54. Kf6 Kb8 55. Ra4 Nd5+ 56. Kg7 Rh1 57. Bc5 Nc7 58. Re4 Kc8 59. Bf8 Kd7 60. Re7+ Kd8 61. Kg8 Nd5 62. Rf7 Rh4 63. Bd6 h6 64. gxh6 Rxh6 65. Kg7 Rh1 66. Kxg6 Rg1+ 67. Kf5 Ne3+ 68. Kf6 Nd5+ 69. Ke6 Rg6+ 70. Ke5 Ke8 71. Ra7 Nxf4 72. Ra8+ Kd7 73. Ra7+ Ke8 1/2-1/2

[Event "Chigorin Memorial 2018"]
[Site "St. Petersburg"]
[Date "2018.11.02"]
[Round "7.58"]
[White "Borisovsky, Dmitry"]
[Black "Kiseleva, Arina"]
[Result "1-0"]
[WhiteElo "2304"]
[BlackElo "2027"]
[PlyCount "107"]
[EventDate "2018.10.27"]
[EventType "swiss"]
[EventCountry "RUS"]
[WhiteTeam "Russland"]
[BlackTeam "Russland"]
[WhiteTeamCountry "RUS"]
[BlackTeamCountry "RUS"]

1. e4 c6 2. d4 d5 3. e5 Bf5 4. Be3 e6 5. Nd2 Nd7 6. Nb3 Qc7 7. f4 a6 8. Nf3 c5 9. dxc5 Nxc5 10. Nbd4 Nh6 11. c3 Be7 12. Be2 Ne4 13. Qa4+ Kf8 14. Ng5 Nxg5 15. fxg5 Ng4 16. Bf4 Nxe5 17. Nxf5 exf5 18. O-O-O Rd8 19. Rhe1 f6 20. gxf6 Bxf6 21. Bh5 g6 22. Bf3 Kg7 23. Bxd5 Rhe8 24. Kb1 g5 25. Bc1 Re7 26. h4 h6 27. hxg5 hxg5 28. Qc2 Qc8 29. Rf1 Red7 30. Qxf5 Rd6 31. Qxc8 Rxc8 32. Bxb7 Rcd8 33. Rxd6 Rxd6 34. Kc2 a5 35. Be4 Re6 36. Bf5 Re8 37. Re1 a4 38. Re4 a3 39. b4 Ra8 40. Be3 Nf7 41. Bc5 Rh8 42. b5 Rh1 43. Bxa3 Rf1 44. g4 Rf2+ 45. Kb3 Rf3 46. Rc4 Be5 47. b6 Nd6 48. Rc7+ Kf6 49. Bxd6 Bxd6 50. Rc6 Ke7 51. b7 Bf4 52. Rc8 Rf1 53. b8=Q Bxb8 54. Rxb8 1-0

[Event "Chigorin Memorial 2018"]
[Site "St. Petersburg"]
[Date "2018.11.02"]
[Round "7.59"]
[White "Shidlovskiy, Artemiy"]
[Black "Khakimov, Timur"]
[Result "1-0"]
[WhiteElo "2073"]
[BlackElo "2288"]
[PlyCount "77"]
[EventDate "2018.10.27"]
[EventType "swiss"]
[EventCountry "RUS"]
[WhiteTeam "Russland"]
[BlackTeam "Russland"]
[WhiteTeamCountry "RUS"]
[BlackTeamCountry "RUS"]

1. d4 Nf6 2. c4 Nc6 3. Nf3 e6 4. Nc3 Bb4 5. e3 d5 6. Bd3 O-O 7. O-O dxc4 8. Bxc4 Qe7 9. Ne2 e5 10. dxe5 Nxe5 11. Nxe5 Qxe5 12. Qd4 Ng4 13. Nf4 c5 14. Qxe5 Nxe5 15. Bd5 Rb8 16. a3 Ba5 17. b4 cxb4 18. Bd2 Bd7 19. axb4 Bb6 20. Bc3 Rfe8 21. Rfc1 a6 22. Rd1 Bg4 23. Rd2 Kf8 24. h3 Bf5 25. g4 Bc8 26. b5 Bc5 27. Rc2 Nd7 28. bxa6 bxa6 29. Bc6 f6 30. Rd1 Re7 31. Rcd2 Nb6 32. Rd8+ Kf7 33. Ba5 Rc7 34. Be8+ Ke7 35. Ba4 g5 36. Rh8 Bd7 37. Rxb8 Bxa4 38. Bxb6 Bxd1 39. Nd5+ 1-0

[Event "Chigorin Memorial 2018"]
[Site "St. Petersburg"]
[Date "2018.11.02"]
[Round "7.60"]
[White "Ivanov, Sergei V."]
[Black "Vasilyev, Vasily"]
[Result "1/2-1/2"]
[WhiteElo "2055"]
[BlackElo "2272"]
[PlyCount "94"]
[EventDate "2018.10.27"]
[EventType "swiss"]
[EventCountry "RUS"]
[WhiteTeam "Russland"]
[BlackTeam "Russland"]
[WhiteTeamCountry "RUS"]
[BlackTeamCountry "RUS"]

1. e4 c5 2. Nf3 d6 3. d4 cxd4 4. Nxd4 Nf6 5. Nc3 a6 6. h3 e6 7. g4 Be7 8. Bg2 O-O 9. Be3 Nc6 10. g5 Nd7 11. h4 Nde5 12. Nxc6 bxc6 13. b3 d5 14. O-O Ng6 15. h5 Nh4 16. f4 Nxg2 17. Kxg2 Bb7 18. Na4 e5 19. Bb6 Qb8 20. Bc5 Bxc5 21. Nxc5 exf4 22. Qd4 Qd8 23. Qe5 Re8 24. Qxf4 Qe7 25. h6 Bc8 26. exd5 cxd5 27. Rae1 Be6 28. Nd3 Rac8 29. Rf2 g6 30. Qe5 Bh3+ 31. Kg3 Qf8 32. Qd4 Rxe1 33. Nxe1 Bf5 34. Nf3 Re8 35. Qxd5 Re4 36. Rd2 Qb8+ 37. Qd6 Rg4+ 38. Kh2 Qxd6+ 39. Rxd6 Kf8 40. Rd4 Be4 41. Nd2 Rg2+ 42. Kh3 Bc6 43. Rd6 Bb7 44. Rd7 Bc6 45. Rd6 Bb7 46. Rd7 Bc6 47. Rd6 Bb7 1/2-1/2

[Event "Chigorin Memorial 2018"]
[Site "St. Petersburg"]
[Date "2018.11.02"]
[Round "7.61"]
[White "Shkuratov, Vladimir"]
[Black "Postnikov, Artem"]
[Result "0-1"]
[WhiteElo "1833"]
[BlackElo "2270"]
[PlyCount "96"]
[EventDate "2018.10.27"]
[EventType "swiss"]
[EventCountry "RUS"]
[WhiteTeam "Russland"]
[BlackTeam "Russland"]
[WhiteTeamCountry "RUS"]
[BlackTeamCountry "RUS"]

1. e4 c6 2. d4 d5 3. Nc3 dxe4 4. Nxe4 Bf5 5. Ng3 Bg6 6. Nf3 Nd7 7. h4 h6 8. h5 Bh7 9. Bd3 Bxd3 10. Qxd3 e6 11. Bf4 Qa5+ 12. Bd2 Bb4 13. c3 Be7 14. c4 Qc7 15. O-O-O Ngf6 16. Ne4 Rd8 17. g3 O-O 18. Bc3 b5 19. Nxf6+ Nxf6 20. Kb1 c5 21. cxb5 cxd4 22. Bxd4 Rd5 23. Qe2 Rfd8 24. Be3 Qb7 25. Rxd5 Rxd5 26. Rc1 Rxb5 27. Nd4 Rc5 28. Qf3 Nd5 29. Rxc5 Bxc5 30. Ka1 Qa6 31. Qd1 Nxe3 32. fxe3 Qd6 33. Qg1 Qe5 34. g4 Qg5 35. a3 Bb6 36. Kb1 f5 37. Nxe6 Qxg4 38. Qh1 Qe4+ 39. Qxe4 fxe4 40. Nd4 Bxd4 41. exd4 g6 42. Kc2 gxh5 43. Kd2 h4 44. Ke3 h3 45. Kf2 e3+ 46. Kg1 e2 47. Kf2 h2 48. Kxe2 h1=Q 0-1

[Event "Chigorin Memorial 2018"]
[Site "St. Petersburg"]
[Date "2018.11.02"]
[Round "7.62"]
[White "Andreev, Konstantin"]
[Black "Smorodkin, Kirill"]
[Result "1-0"]
[WhiteElo "2265"]
[BlackElo "1819"]
[PlyCount "89"]
[EventDate "2018.10.27"]
[EventType "swiss"]
[EventCountry "RUS"]
[WhiteTeam "Russland"]
[BlackTeam "Russland"]
[WhiteTeamCountry "RUS"]
[BlackTeamCountry "RUS"]

1. e4 e5 2. f4 exf4 3. Nf3 g5 4. Nc3 Bg7 5. h4 g4 6. Ng5 d6 7. Bc4 Nh6 8. d3 g3 9. Bxf4 Nc6 10. O-O O-O 11. Bxg3 Ne5 12. Bxe5 dxe5 13. Qf3 Bg4 14. Qg3 Bh5 15. Nd5 Kh8 16. Ne3 Qd4 17. Kh1 c6 18. Qh3 b5 19. Bb3 Qd8 20. a4 b4 21. g4 Bg6 22. Nf5 Bxf5 23. gxf5 Qe7 24. Qf3 Ng8 25. Qh5 Nf6 26. Nxf7+ Rxf7 27. Qxf7 Qc5 28. Rg1 Rg8 29. Qxf6 Qe3 30. Kh2 Qf4+ 31. Kh3 Qf3+ 32. Rg3 Qxg3+ 33. Kxg3 Bxf6+ 34. Bxg8 Kxg8 35. c3 c5 36. cxb4 cxb4 37. Rc1 Kg7 38. Rc7+ Kh6 39. Rxa7 b3 40. Rb7 Bxh4+ 41. Kg4 Be7 42. Rxb3 Bc5 43. a5 Bd4 44. a6 Bc5 45. Rc3 1-0

[Event "Chigorin Memorial 2018"]
[Site "St. Petersburg"]
[Date "2018.11.02"]
[Round "7.63"]
[White "Gitelson, Arkady"]
[Black "Gurskiy, Dmitriy"]
[Result "1-0"]
[WhiteElo "2264"]
[BlackElo "1701"]
[PlyCount "51"]
[EventDate "2018.10.27"]
[EventType "swiss"]
[EventCountry "RUS"]
[WhiteTeam "Russland"]
[BlackTeam "Russland"]
[WhiteTeamCountry "RUS"]
[BlackTeamCountry "RUS"]

1. Nf3 d5 2. g3 e6 3. Bg2 g6 4. O-O Bg7 5. d4 Ne7 6. Nbd2 Nbc6 7. c3 O-O 8. e4 a5 9. a4 b6 10. Re1 Ba6 11. e5 Qd7 12. Nf1 Rfc8 13. Ne3 Nf5 14. Ng4 h5 15. Nf6+ Bxf6 16. exf6 Qd8 17. Ne5 Nb8 18. Bg5 c5 19. Nxg6 fxg6 20. f7+ Kxf7 21. Bxd8 Rxd8 22. g4 hxg4 23. Qxg4 Rg8 24. Qf4 Ra7 25. Rxe6 Kxe6 26. Qe5+ 1-0

[Event "Chigorin Memorial 2018"]
[Site "St. Petersburg"]
[Date "2018.11.02"]
[Round "7.64"]
[White "Danielyan, Vahe"]
[Black "Atakishiev, Emil"]
[Result "1-0"]
[WhiteElo "2256"]
[BlackElo "1658"]
[PlyCount "71"]
[EventDate "2018.10.27"]
[EventType "swiss"]
[EventCountry "RUS"]
[WhiteTeam "Armenien"]
[BlackTeam "Russland"]
[WhiteTeamCountry "ARM"]
[BlackTeamCountry "RUS"]

1. e4 e6 2. d4 d5 3. Nc3 Nf6 4. Bg5 Be7 5. e5 Nfd7 6. h4 Bxg5 7. hxg5 Qxg5 8. Nh3 Qe7 9. Nf4 Nc6 10. Qd3 Nb4 11. Qd2 Nc6 12. Nh5 g6 13. Nf4 a6 14. Ncxd5 Qd8 15. Ne3 h5 16. O-O-O Qg5 17. g3 Nb6 18. Bh3 Bd7 19. d5 O-O-O 20. dxc6 Bxc6 21. Qc3 Bxh1 22. Rxh1 Rd7 23. b3 Qe7 24. Kb2 Rdd8 25. Bg2 Kb8 26. a4 h4 27. a5 Nc8 28. gxh4 Rxh4 29. Rxh4 Qxh4 30. Qb4 c6 31. Bxc6 Qe7 32. Qxe7 Nxe7 33. Be4 Rd2 34. Nd3 Nf5 35. Nxf5 gxf5 36. Kc1 1-0

[Event "Chigorin Memorial 2018"]
[Site "St. Petersburg"]
[Date "2018.11.02"]
[Round "7.65"]
[White "Zontakh, Andrey"]
[Black "Mkrtchyan, Mariam"]
[Result "1-0"]
[WhiteElo "2507"]
[BlackElo "2001"]
[Annotator "TA"]
[PlyCount "173"]
[EventDate "2018.10.27"]
[EventType "swiss"]
[EventCountry "RUS"]
[WhiteTeam "Ukraine"]
[BlackTeam "Armenien"]
[WhiteTeamCountry "UKR"]
[BlackTeamCountry "ARM"]

1. e4 c6 2. d4 d5 3. Nc3 dxe4 4. Nxe4 Nf6 5. Nxf6+ exf6 6. c3 Bd6 7. Bd3 O-O 8. Ne2 Qc7 9. Qc2 h6 10. h3 Re8 11. O-O Nd7 12. Be3 Nf8 13. c4 Qa5 14. c5 Bb8 15. Qc3 Qd8 16. Rfd1 Ne6 17. Bc4 Qc7 18. f4 Qe7 19. Kf2 Rd8 20. Qb3 a5 21. a4 f5 22. g3 Ba7 23. Qc2 Nc7 24. Nc3 Be6 25. b3 Rd7 26. Rd3 Nd5 27. Nxd5 Bxd5 28. Bxd5 Rxd5 29. Re1 Qd7 30. Rc3 Re8 31. Rd1 Re6 32. Rcd3 b6 33. Kf3 Re8 34. Qc4 Rd8 35. Ke2 Qb7 36. R1d2 b5 37. axb5 cxb5 38. Qc3 b4 39. Qc4 Bb8 40. Kd1 Bc7 41. Bf2 Qc6 42. Kc1 Re8 43. Re3 Rxe3 44. Bxe3 Bd8 45. g4 Bh4 46. gxf5 Bf6 47. Rd3 Kf8 48. Kb1 Kg8 49. Rd1 Bd8 50. Qd3 Bf6 51. Rc1 Rd8 52. Bf2 Kf8 53. Rd1 Rd5 54. Qc4 Kg8 55. h4 Kf8 56. Rd2 Bd8 57. h5 Bf6 58. Qd3 Kg8 59. Re2 Kf8 60. Qe4 Qd7 61. Rc2 Qc6 62. Be3 Kg8 63. Qd3 Kf8 64. Bf2 Rd7 65. Rd2 Rd5 66. Kc2 Kg8 67. Re2 Kf8 68. Qe4 Qd7 69. Rd2 Qc6 70. Qd3 Kg8 71. Kd1 Kf8 72. Ke2 Kg8 73. Rc2 Rd7 74. Qf3 Rd5 75. Kf1 Kf8 76. Kg2 Kg8 77. Qe4 Kf8 78. Kf3 Kg8 79. Kg4 Kf8 80. Rc1 Kg8 81. Kf3 Kf8 82. Be3 Kg8 83. Ra1 Bd8 84. f6 Qd7 85. fxg7 Rxh5 86. Rg1 Rh2 87. Qh7+ 1-0

[Event "Chigorin Memorial 2018"]
[Site "St. Petersburg"]
[Date "2018.11.02"]
[Round "7.66"]
[White "Bykov, Oleg"]
[Black "Tahay, Romain"]
[Result "1-0"]
[WhiteElo "2411"]
[BlackElo "2089"]
[Annotator "TA"]
[PlyCount "41"]
[EventDate "2018.10.27"]
[EventType "swiss"]
[EventCountry "RUS"]
[WhiteTeam "Russland"]
[BlackTeam "Frankreich"]
[WhiteTeamCountry "RUS"]
[BlackTeamCountry "FRA"]

1. d4 Nf6 2. c4 g6 3. f3 d5 4. cxd5 Nxd5 5. e4 Nb6 6. Nc3 Bg7 7. Be3 O-O 8. Qd2 Nc6 9. O-O-O a5 10. h4 e5 11. d5 Nd4 12. Nb5 Nxb5 13. Bxb5 Bd7 14. Be2 f5 15. h5 f4 16. Bc5 Rf6 17. Nh3 c6 18. d6 Be6 19. Kb1 Rf7 20. Bxb6 Qxb6 21. Ng5 1-0

[Event "Chigorin Memorial 2018"]
[Site "St. Petersburg"]
[Date "2018.11.02"]
[Round "7.67"]
[White "Brikov, Illarion"]
[Black "Vetokhin, Ilia"]
[Result "1/2-1/2"]
[WhiteElo "2371"]
[BlackElo "2082"]
[PlyCount "80"]
[EventDate "2018.10.27"]
[EventType "swiss"]
[EventCountry "RUS"]
[WhiteTeam "Russland"]
[BlackTeam "Russland"]
[WhiteTeamCountry "RUS"]
[BlackTeamCountry "RUS"]

1. d4 Nf6 2. c4 g6 3. Nc3 Bg7 4. e4 d6 5. Be2 O-O 6. Bg5 c5 7. d5 e6 8. Qd2 exd5 9. exd5 Qb6 10. Nf3 Bf5 11. O-O Ne4 12. Nxe4 Bxe4 13. Qf4 Re8 14. Nd2 Bf5 15. Bg4 h6 16. Bh4 Bxg4 17. Qxg4 Qxb2 18. Nf3 Qb6 19. Rae1 Na6 20. Qd7 Rxe1 21. Rxe1 Bf8 22. a3 Qc7 23. Qg4 Qc8 24. Qe4 Qd7 25. Bf6 Nc7 26. Qb1 b6 27. Nd2 Ne8 28. Ne4 Bg7 29. Bxg7 Kxg7 30. Qb2+ Kg8 31. Re3 Qd8 32. g4 Qd7 33. h3 Rc8 34. Kg2 Rb8 35. Rb3 Rb7 36. Re3 b5 37. Rb3 a6 38. Nc3 Nc7 39. Ne4 Ne8 40. Nc3 Nc7 1/2-1/2

[Event "Chigorin Memorial 2018"]
[Site "St. Petersburg"]
[Date "2018.11.02"]
[Round "7.68"]
[White "Baltabaev, Temirlan"]
[Black "Volkov, Roman"]
[Result "1-0"]
[WhiteElo "2332"]
[BlackElo "2070"]
[PlyCount "129"]
[EventDate "2018.10.27"]
[EventType "swiss"]
[EventCountry "RUS"]
[WhiteTeam "Russland"]
[BlackTeam "Russland"]
[WhiteTeamCountry "RUS"]
[BlackTeamCountry "RUS"]

1. d4 Nf6 2. c4 g6 3. Nc3 d5 4. Nf3 Bg7 5. Qb3 dxc4 6. Qxc4 O-O 7. e4 Na6 8. Be2 c5 9. d5 e6 10. O-O exd5 11. exd5 Re8 12. Bg5 h6 13. Bxf6 Bxf6 14. Rad1 b6 15. Qa4 Nb8 16. Bb5 Bd7 17. Rd2 a6 18. Bxd7 Nxd7 19. d6 Bxc3 20. bxc3 b5 21. Qf4 Kg7 22. Rfd1 Qf6 23. Qxf6+ Kxf6 24. Ne1 c4 25. Nc2 Ne5 26. Nb4 Red8 27. f4 Nd7 28. Nd5+ Kg7 29. Nc7 Ra7 30. Re1 Nb6 31. Re7 Rd7 32. Rde2 Kg8 33. Rxd7 Nxd7 34. Re7 Nf6 35. d7 Nxd7 36. Rxd7 b4 37. Rd8+ Kh7 38. Nd5 a5 39. cxb4 axb4 40. Nxb4 Ra4 41. Rb8 c3 42. Kf2 c2 43. Nxc2 Rxa2 44. Rc8 h5 45. Kf3 Kg7 46. Ne3 Ra3 47. Ke4 Ra4+ 48. Rc4 Ra2 49. f5 Re2 50. Kf3 Ra2 51. Rc6 g5 52. h3 Ra4 53. Rc4 Ra5 54. Ke4 Ra2 55. Ke5 Re2 56. Rc3 Ra2 57. Rc2 Ra1 58. Nd5 Re1+ 59. Kd6 Re8 60. f6+ Kg6 61. Rf2 Rd8+ 62. Ke5 Kh6 63. Rc2 Kg6 64. Ne7+ Kh6 65. Rc8 1-0

[Event "Chigorin Memorial 2018"]
[Site "St. Petersburg"]
[Date "2018.11.02"]
[Round "7.69"]
[White "Demianjuk, Alexander"]
[Black "Zabolotnov, Evgeny"]
[Result "1-0"]
[WhiteElo "2332"]
[BlackElo "2064"]
[PlyCount "115"]
[EventDate "2018.10.27"]
[EventType "swiss"]
[EventCountry "RUS"]
[WhiteTeam "Russland"]
[BlackTeam "Russland"]
[WhiteTeamCountry "RUS"]
[BlackTeamCountry "RUS"]

1. e4 c5 2. Nf3 Nc6 3. Bb5 d6 4. O-O Bd7 5. Re1 Nf6 6. c3 a6 7. Bf1 Bg4 8. h3 Bxf3 9. Qxf3 g6 10. d3 Bg7 11. Qd1 O-O 12. Nd2 b5 13. Nf3 b4 14. Qa4 Qd7 15. Qc2 Rfc8 16. Be3 Qb7 17. a3 a5 18. Rab1 Rab8 19. Nd2 Nd7 20. Rec1 Qa7 21. Nf3 Nde5 22. Nxe5 Bxe5 23. axb4 axb4 24. Ra1 Qd7 25. Qd2 Bg7 26. d4 bxc3 27. bxc3 cxd4 28. cxd4 d5 29. e5 e6 30. Ba6 Rd8 31. Bg5 Re8 32. Rc5 h6 33. Bf6 Ne7 34. Rac1 Qa4 35. Be2 Nf5 36. Rd1 Rec8 37. g4 Rxc5 38. dxc5 Nh4 39. Bxh4 Bxe5 40. Qxh6 Rb2 41. Qe3 Bf4 42. Qf3 Rb3 43. Rd3 Qa1+ 44. Kg2 Rb1 45. Qxf4 Rg1+ 46. Kf3 e5 47. Qf6 e4+ 48. Kf4 Qxf6+ 49. Bxf6 exd3 50. Bxd3 Rc1 51. Be7 Re1 52. Bd6 Re6 53. Bb5 d4 54. c6 g5+ 55. Kg3 Re8 56. c7 Rc8 57. Bd7 d3 58. Bxc8 1-0

[Event "Chigorin Memorial 2018"]
[Site "St. Petersburg"]
[Date "2018.11.02"]
[Round "7.70"]
[White "Chashchev, Sergey"]
[Black "Shapar, Tatiana"]
[Result "1-0"]
[WhiteElo "2313"]
[BlackElo "2034"]
[PlyCount "69"]
[EventDate "2018.10.27"]
[EventType "swiss"]
[EventCountry "RUS"]
[WhiteTeam "Russland"]
[BlackTeam "Russland"]
[WhiteTeamCountry "RUS"]
[BlackTeamCountry "RUS"]

1. Nf3 d5 2. g3 Bg4 3. Bg2 c6 4. c4 e6 5. b3 Nd7 6. Bb2 Ngf6 7. O-O Bd6 8. d3 O-O 9. Nbd2 e5 10. cxd5 cxd5 11. Ne1 Re8 12. h3 Bh5 13. Nc2 Nc5 14. Nf3 Rc8 15. d4 e4 16. dxc5 exf3 17. Bxf3 Bxf3 18. exf3 Bxc5 19. Kg2 Bb6 20. Qd3 Qe7 21. Rae1 Qc5 22. Nd4 Nd7 23. Rc1 Qf8 24. Rxc8 Rxc8 25. Nf5 Nc5 26. Qxd5 Ne6 27. Bxg7 Nxg7 28. Nh6+ Kh8 29. Nxf7+ Kg8 30. Nd6+ Kh8 31. Nxc8 Qxc8 32. Rd1 Ne6 33. Qe5+ Kg8 34. Rd6 Ng7 35. Qd5+ 1-0

[Event "Chigorin Memorial 2018"]
[Site "St. Petersburg"]
[Date "2018.11.02"]
[Round "7.71"]
[White "Khlopushin, Dmitriy"]
[Black "Kiselev, Pavel"]
[Result "0-1"]
[WhiteElo "2072"]
[BlackElo "2278"]
[PlyCount "94"]
[EventDate "2018.10.27"]
[EventType "swiss"]
[EventCountry "RUS"]
[WhiteTeam "Russland"]
[BlackTeam "Russland"]
[WhiteTeamCountry "RUS"]
[BlackTeamCountry "RUS"]

1. e4 c5 2. c3 Nf6 3. e5 Nd5 4. d4 cxd4 5. cxd4 d6 6. Bc4 e6 7. Nf3 Be7 8. O-O Nc6 9. a3 O-O 10. Re1 Bd7 11. Bd3 dxe5 12. dxe5 Rc8 13. Qe2 Na5 14. Nc3 Nxc3 15. bxc3 Bc6 16. Nd4 Qd5 17. Nxc6 Qxc6 18. Bb2 Nc4 19. Rab1 Rfd8 20. Be4 Qc7 21. Bc1 b6 22. Bf4 Nxa3 23. Rbc1 Nc4 24. h4 a5 25. h5 Ba3 26. Rc2 f5 27. Bd3 b5 28. g4 g6 29. gxf5 gxf5 30. Kh2 Kh8 31. Bxc4 bxc4 32. Rd2 Qe7 33. Kh3 Rxd2 34. Qxd2 Rd8 35. Qe2 Rd3+ 36. f3 Qe8 37. Kg2 Qxh5 38. Rh1 Qg6+ 39. Kf1 Bc5 40. Ke1 Rxc3 41. Qd2 Rd3 42. Qxa5 Be7 43. Qa8+ Rd8 44. Qb7 Qg7 45. Qb5 Qg2 46. Rh2 Qxf3 47. Bd2 c3 0-1

[Event "Chigorin Memorial 2018"]
[Site "St. Petersburg"]
[Date "2018.11.02"]
[Round "7.72"]
[White "Tsapalin, Sergey"]
[Black "Semenova, Elena"]
[Result "0-1"]
[WhiteElo "2032"]
[BlackElo "2263"]
[PlyCount "92"]
[EventDate "2018.10.27"]
[EventType "swiss"]
[EventCountry "RUS"]
[WhiteTeam "Russland"]
[BlackTeam "Russland"]
[WhiteTeamCountry "RUS"]
[BlackTeamCountry "RUS"]

1. c4 Nf6 2. Nc3 e6 3. e4 d5 4. e5 d4 5. exf6 dxc3 6. bxc3 Qxf6 7. d4 b6 8. Be2 Bb7 9. Bf3 Bxf3 10. Nxf3 Bd6 11. Qa4+ c6 12. O-O O-O 13. Rb1 Qf5 14. Be3 Bc7 15. Rfd1 Rc8 16. Qb3 Nd7 17. d5 exd5 18. cxd5 Ne5 19. Nxe5 Bxe5 20. c4 h6 21. Rbc1 cxd5 22. cxd5 Rxc1 23. Rxc1 Rd8 24. g3 Qe4 25. Rd1 h5 26. h4 Bd6 27. Rd4 Qf3 28. Qd1 Qxd1+ 29. Rxd1 Rc8 30. Rc1 Rxc1+ 31. Bxc1 Kf8 32. Kg2 Ke7 33. Kf3 Bc5 34. Bf4 b5 35. Ke2 a5 36. f3 Bd6 37. Bd2 Bxg3 38. Bxa5 Bxh4 39. Bb4+ Kd7 40. f4 Be7 41. Bc3 g6 42. Kf3 b4 43. Be5 f6 44. Bb8 Bd8 45. Kg3 Bc7 46. Ba7 g5 0-1

[Event "Chigorin Memorial 2018"]
[Site "St. Petersburg"]
[Date "2018.11.02"]
[Round "7.73"]
[White "Shihaliev, Leonard"]
[Black "Erdenieva, Oyuna"]
[Result "0-1"]
[WhiteElo "2010"]
[BlackElo "2251"]
[PlyCount "112"]
[EventDate "2018.10.27"]
[EventType "swiss"]
[EventCountry "RUS"]
[WhiteTeam "Russland"]
[BlackTeam "Russland"]
[WhiteTeamCountry "RUS"]
[BlackTeamCountry "RUS"]

1. d4 d5 2. Nf3 Nf6 3. Bf4 c5 4. e3 Nc6 5. Nc3 Bg4 6. Be2 e6 7. O-O Be7 8. Ne5 Bxe2 9. Nxe2 O-O 10. h3 Rc8 11. c3 b5 12. Nxc6 Rxc6 13. Bg5 Ne4 14. Bxe7 Qxe7 15. f3 Nd6 16. Nf4 Nf5 17. Qd2 cxd4 18. cxd4 Rfc8 19. Rfc1 Qc7 20. Rxc6 Qxc6 21. g4 Nh4 22. Qf2 g5 23. Nd3 Qd6 24. f4 h6 25. Rf1 f6 26. Kh1 Rf8 27. Qh2 e5 28. f5 Re8 29. b4 a5 30. a3 axb4 31. axb4 Qb6 32. Qa2 exd4 33. Qxd5+ Kh8 34. e4 Qc7 35. Qxd4 Qg3 36. Rf2 Qxh3+ 37. Kg1 Qxg4+ 38. Kh2 Kg7 39. Qd7+ Kf8 40. Qh7 Qxe4 41. Qh8+ Ke7 42. Qg7+ Kd6 43. Qxf6+ Kd5 44. Nc5 Qe3 45. Qf7+ Kd4 46. Qd7+ Kc3 47. Qg7+ Re5 48. Ne4+ Qxe4 49. Qc7+ Kb3 50. f6 Rf5 51. Qf7+ Qd5 52. Qa7 Nf3+ 53. Kh3 g4+ 54. Kg3 Qe5+ 55. Kg2 Qh2+ 56. Kf1 Nd2+ 0-1

[Event "Chigorin Memorial 2018"]
[Site "St. Petersburg"]
[Date "2018.11.02"]
[Round "7.74"]
[White "Emeljanov, Alexander"]
[Black "Nikitinyh, Boris"]
[Result "1-0"]
[WhiteElo "2244"]
[BlackElo "2031"]
[PlyCount "120"]
[EventDate "2018.10.27"]
[EventType "swiss"]
[EventCountry "RUS"]
[WhiteTeam "Russland"]
[BlackTeam "Russland"]
[WhiteTeamCountry "RUS"]
[BlackTeamCountry "RUS"]

1. d4 Nf6 2. Nf3 g6 3. Nc3 Bg7 4. e4 d6 5. Be2 O-O 6. O-O Bg4 7. Be3 Nc6 8. Qd2 Re8 9. Rad1 e5 10. dxe5 dxe5 11. Qc1 Qc8 12. h3 Bxf3 13. Bxf3 Nd4 14. Bxd4 exd4 15. Rxd4 Nd7 16. Rdd1 Nc5 17. Qe3 Bxc3 18. Qxc3 Nxe4 19. Bxe4 Rxe4 20. Rd3 Re7 21. Rfd1 c6 22. Qa5 b6 23. Qg5 Qc7 24. Qf6 Rae8 25. g3 c5 26. Kg2 Re6 27. Qf3 R6e7 28. Rd6 Qc8 29. h4 h5 30. R1d5 Re6 31. Rd7 R6e7 32. R7d6 Re6 33. Rd7 R6e7 34. Rxe7 Rxe7 35. Qf6 Qb7 36. c4 Re6 37. Qf3 Qe7 38. Rd3 Kg7 39. Re3 Rxe3 40. fxe3 Qe5 41. Qe2 Qe4+ 42. Kh2 Kf6 43. Qf2+ Ke6 44. b3 f6 45. Qd2 Ke7 46. Qf2 g5 47. hxg5 fxg5 48. Qb2 Kf7 49. Qh8 Qg6 50. Qe5 Qf6 51. Qd5+ Kg7 52. Qd7+ Qf7 53. Qd2 Qf5 54. e4 Qe5 55. Qd5 Qb2+ 56. Kh3 Qf6 57. Kg2 g4 58. Qxh5 Qf3+ 59. Kh2 Qe2+ 60. Kg1 Qe3+ 1-0